| 000 | 01158cam a22002054a 4500 | ||
|---|---|---|---|
| 005 | 20250605164119.0 | ||
| 008 | 250528s ||||||||||||||||||||||||d | ||
| 035 | _a18201 | ||
| 020 | _a201710919 | ||
| 040 |
_aGR-AtMCL _bgre _dGR-AtMCL _eAACR2 |
||
| 245 | 1 | _aPlanning Extreme Programming | |
| 260 |
_bAddison-Wesley Publishing Company, _c2001 |
||
| 300 | _a142 | ||
| 520 | _aThis book presents the approaches, methods, discipline, and advice you need to plan and track a successful Extreme Programming project. Foreword, Preface, Acknowledgements, Why Plan?, Fear, Driving Software, Balancing Power, Overviews, Too Much to Do, Four Variables, Yesterday's Weather, Scoping a Project, Release Planning, Writing Stories, Estimation, Ordering the Stories, Release Planning Events, The First Plan, Release Planning Variations, Iteration Planning, Iteration Planning Meeting, Tracking an Iteration, Stand-up Meetings, Visible Graphs, Dealing with Bugs, Changes to the Team, Tools, Business Contracts, Red Flags, Your Own Process, Index. | ||
| 700 | 1 |
_aBeck Kent _91942 |
|
| 700 | 1 |
_aFowler Martin _94489 |
|
| 942 | _cBK | ||
| 999 |
_c3578 _d3578 |
||